Nightwish - The Greatest Show on Earth Lyrics - Statistics

General Stats
  • This quiz has been taken 38 times
  • The average score is 306 of 452
Answer Stats
Answer % Correct
a
100%
A
100%
On
100%
on
100%
The
100%
the
100%
are
94%
We
94%
we
94%
For
88%
for
88%
he
88%
He
88%
here
88%
here!
88%
in
88%
of
88%
Of
88%
one
88%
universe
88%
be
81%
Earth
81%
greatest
81%
Greet
81%
sea
81%
show
81%
to
81%
To
81%
will
81%
day-to-day
75%
Devonian
75%
Enter
75%
LUCA
75%
all
69%
new
69%
single
69%
sun
69%
there,
69%
(us
69%
us
69%
were
69%
died
63%
first
63%
form
63%
horizon
63%
is
63%
life
63%
mother
63%
Not
63%
what
63%
young
63%
around
56%
beautiful
56%
beautiful)
56%
birth
56%
care
56%
cosmic
56%
every
56%
(every
56%
fire
56%
Gave
56%
gave
56%
gravity
56%
last
56%
law
56%
Leading
56%
library
56%
Lucy
56%
Man,
56%
most
56%
opening
56%
so
56%
sunrise
56%
tale
56%
understand
56%
your
56%
After
50%
billion
50%
clouds
50%
dream
50%
fathers
50%
Gaea
50%
garden
50%
giant
50%
grain
50%
Had
50%
his
50%
human
50%
Ion
50%
Little
50%
mushroom
50%
newborns
50%
poetry
50%
pristine
50%
rocks
50%
rule
50%
sand
50%
Scions
50%
scions
50%
shiny
50%
still
50%
time
50%
took
50%
years
50%
Africa
44%
Archean
44%
But
44%
cease
44%
chemistry
44%
day'll
44%
Forbears
44%
into
44%
light
44%
Out
44%
sleeping)
44%
tapestry
44%
There's
44%
zone
44%
Afar
38%
architecture
38%
as
38%
carbon
38%
cold
38%
direction
38%
fantasy
38%
feast
38%
finale
38%
Goldilocks
38%
grand
38%
has
38%
hunted
38%
infinity
38%
Ionia,
38%
Lonely
38%
Opus
38%
pass
38%
perfectum
38%
ratkind
38%
She
38%
Somewhere
38%
stars
38%
stuff
38%
tell
38%
travelers
38%
understanding
38%
vast
38%
writing
38%
Writing
38%
Aeons
31%
by
31%
cradle
31%
Deep
31%
do
31%
done
31%
farer
31%
feel
31%
From
31%
handy
31%
history,
31%
holy
31%
Hunger
31%
lust
31%
nursery
31%
outside
31%
Pulled
31%
stellar
31%
welcoming
31%
within
31%
world
31%
Bedding
25%
biological
25%
channels
25%
dread
25%
exceptional
25%
idolatry
25%
self-destructive
25%
thought
25%
tree
25%
weaponry
25%
wonder
25%
you'd
25%
Atavistic
19%
caress,
19%
god
19%
just
19%
past
19%
gaps
13%
No matching quizzes found
Score Distribution
Percent of People with Each Score
Percentile by Number Answered
Your Score History
You have not taken this quiz